Advanced business (Record no. 5296)
[ view plain ]
| 000 -LEADER | |
|---|---|
| fixed length control field | 00543nam a22001577a 4500 |
| 020 ## - INTERNATIONAL STANDARD BOOK NUMBER | |
| ISBN | 0435453165 |
| 050 ## - CALL NUMBER | |
| Classification number | HD30.28 |
| Item number | .N28 |
| 100 ## - AUTHOR | |
| Personal name | Dave Needham, Rob Dransfield |
| 245 ## - TITLE | |
| Title | Advanced business |
| Statement of responsibility, etc | Dave Needham |
| 260 ## - PUBLICATION INFORMATION | |
| Place of publication | Oxford |
| Name of publisher | Heineman |
| Year of publication | 2004 |
| 300 ## - DESCRIPTION | |
| Number of Pages | xiii, 674p. |
| 500 ## - NOTES | |
| General note | Spine title: Business Advanced. |
| 505 ## - FORMATTED CONTENTS NOTE | |
| Table of Content | 1. Business at work<br/>2. The competitive business environment<br/>3. Marketing<br/>4. Human resources<br/>5. Business finance<br/>6. Business planning |
| 650 ## - SUBJECTS | |
| Topical Term | entrepreneurship |
| General subdivision | Advanced business |
| 942 ## - ADDED ENTRY ELEMENTS (KOHA) | |
| Koha item type | Books |
| Withdrawn status | Lost status | Collection code | Home library | Current library | Shelving location | Date acquired | Full call number | Accession Number | Koha item type |
|---|---|---|---|---|---|---|---|---|---|
| Reference | Methodist University Library Main | Methodist University Library Main | General Stacks | 19/06/2019 | HD30.28 .N28 | 1806 | Books |